Schaum's outline of theory and problems of Laplace transforms / (Record no. 4195)
[ view plain ]
| 000 -LEADER | |
|---|---|
| fixed length control field | 00772nam a22002537a 4500 |
| 001 - CONTROL NUMBER | |
| control field | 7945 |
| 003 - CONTROL NUMBER IDENTIFIER | |
| control field | BD-DhUAP |
| 005 - DATE AND TIME OF LATEST TRANSACTION | |
| control field | 20201103124206.0 |
| 008 - FIXED-LENGTH DATA ELEMENTS--GENERAL INFORMATION | |
| fixed length control field | 201103s1965 nyua 001 0 eng d |
| 020 ## - INTERNATIONAL STANDARD BOOK NUMBER | |
| International Standard Book Number | 0070991650 |
| 040 ## - CATALOGING SOURCE | |
| Original cataloging agency | BD-DhUAP |
| Transcribing agency | BD-DhUAP |
| Modifying agency | BD-DhUAP |
| Language of cataloging | Eng |
| 082 ## - DEWEY DECIMAL CLASSIFICATION NUMBER | |
| Edition number | 23 |
| Classification number | 515.723 SPI |
| 100 1# - MAIN ENTRY--PERSONAL NAME | |
| Personal name | Spiegel, Murray R. |
| 245 10 - TITLE STATEMENT | |
| Title | Schaum's outline of theory and problems of Laplace transforms / |
| Statement of responsibility, etc. | By Murray R. Spiegel. |
| 250 ## - EDITION STATEMENT | |
| Edition statement | rev. ed. |
| 260 ## - PUBLICATION, DISTRIBUTION, ETC. | |
| Place of publication, distribution, etc. | New York : |
| Name of publisher, distributor, etc. | McGraw-Hill, |
| Date of publication, distribution, etc. | c1986 [2004]. |
| 300 ## - PHYSICAL DESCRIPTION | |
| Extent | 261 pages : |
| Other physical details | illustrations ; |
| Dimensions | 28 cm. |
| 490 0# - SERIES STATEMENT | |
| Series statement | Schaum's outline series. |
| 500 ## - GENERAL NOTE | |
| General note | Includes index. |
| 650 #0 - SUBJECT ADDED ENTRY--TOPICAL TERM | |
| Topical term or geographic name entry element | Laplace transformation. |
| 942 00 - ADDED ENTRY ELEMENTS (KOHA) | |
| Koha issues (borrowed), all copies | 2 |
| Source of classification or shelving scheme | |
| Koha item type | Book |
| Withdrawn status | Lost status | Source of classification or shelving scheme | Damaged status | Not for loan | Permanent Location | Current Location | Shelving location | Date acquired | Full call number | Barcode | Date last seen | Copy number | Price effective from | Koha item type | Total Checkouts | Date last checked out |
|---|---|---|---|---|---|---|---|---|---|---|---|---|---|---|---|---|
| UAP Central Library | UAP Central Library | General Stacks | 2020-11-03 | 515.723 SPI | 3010007945 | 2020-11-03 | 1 | 2020-11-03 | Book | |||||||
| UAP Central Library | UAP Central Library | General Stacks | 2020-11-03 | 515.723 SPI | 3010006501 | 2020-11-03 | 2 | 2020-11-03 | Book | |||||||
| UAP Central Library | UAP Central Library | General Stacks | 2020-11-03 | 515.723 SPI | 3010007943 | 2020-11-03 | 3 | 2020-11-03 | Book | |||||||
| UAP Central Library | UAP Central Library | General Stacks | 2020-11-03 | 515.723 SPI | 3010007947 | 2020-11-03 | 4 | 2020-11-03 | Book | |||||||
| UAP Central Library | UAP Central Library | General Stacks | 2020-11-03 | 515.723 SPI | 3010007946 | 2020-11-03 | 5 | 2020-11-03 | Book | |||||||
| UAP Central Library | UAP Central Library | General Stacks | 2020-11-03 | 515.723 SPI | 3010007952 | 2020-11-03 | 6 | 2020-11-03 | Book | |||||||
| UAP Central Library | UAP Central Library | General Stacks | 2020-11-03 | 515.723 SPI | 3010007950 | 2020-11-03 | 7 | 2020-11-03 | Book | |||||||
| UAP Central Library | UAP Central Library | General Stacks | 2020-11-03 | 515.723 SPI | 3010007234 | 2020-11-03 | 8 | 2020-11-03 | Book | |||||||
| UAP Central Library | UAP Central Library | General Stacks | 2020-11-03 | 515.723 SPI | 3010007232 | 2020-11-03 | 9 | 2020-11-03 | Book | |||||||
| UAP Central Library | UAP Central Library | General Stacks | 2020-11-03 | 515.723 SPI | 3010007233 | 2020-11-03 | 10 | 2020-11-03 | Book | |||||||
| UAP Central Library | UAP Central Library | General Stacks | 2020-11-03 | 515.723 SPI | 3010007944 | 2020-11-03 | 11 | 2020-11-03 | Book | |||||||
| UAP Central Library | UAP Central Library | General Stacks | 2020-11-03 | 515.723 SPI | 3010007235 | 2020-11-03 | 12 | 2020-11-03 | Book | |||||||
| UAP Central Library | UAP Central Library | General Stacks | 2020-11-03 | 515.723 SPI | 3010006503 | 2020-11-03 | 13 | 2020-11-03 | Book | |||||||
| UAP Central Library | UAP Central Library | General Stacks | 2021-01-31 | 515.723 SPI | 3010007964 | 2021-01-31 | 14 | 2021-01-31 | Book | |||||||
| UAP Central Library | UAP Central Library | General Stacks | 2021-01-31 | 515.723 SPI | 3010006850 | 2022-06-15 | 15 | 2021-01-31 | Book | 1 | 2021-08-19 | |||||
| UAP Central Library | UAP Central Library | General Stacks | 2021-02-01 | 515.723 SPI | 3010007963 | 2021-02-01 | 16 | 2021-02-01 | Book |
Bengali Keyboard